| 000 | 00700nam a22001217a 4500 | ||
|---|---|---|---|
| 040 | _cRUA | ||
| 100 | _aCHUON SREYLEAK ជួន ស្រីល័ក្ខ | ||
| 245 | _aUTILIZATION OF NITROGEN AND DIFFENT SOIL TEXTURES ON PAK CHOI (Brassica chinesis)PRODUCTION IN WET SEASON. ការប្រើប្រាស់កម្រិតអាសូតលើការលូតលាស់ដំណាំស្ពៃតឿនៅក្នុងរដូវវស្សានៃប្រភេទដីខុសគ្នា | ||
| 260 |
_aPhnom Penh _bRUA _c2021 |
||
| 300 |
_aX.32P _bVIII. _c29CM |
||
| 856 | _uhttps://drive.google.com/file/d/1vi0mTij9DFWa-y8qgFD4kgDFTocJo6-s/view?usp=sharing | ||
| 942 | _cAGR | ||
| 999 |
_c22753 _d22753 |
||